000 00703nam a2200229Ii 4500
003 JO-AjNU
008 230605s9999||||xx |||||||||||||| ||und||
017 _a2012/7/2714
020 _a978-9957-582-894-2
040 _aJO-AjNU
_bara
_erda
_cJO-AjNU
041 _aara
050 1 4 _aBF721 2013
100 3 _aأبو عراق، سعادة عودة,
_eauthor
_950555
245 0 0 _aقضايا في عالم الطفولة
250 _aط1
264 3 1 _aعمان: أمواج للنشر والتوزيع، 2013
300 _a138ص
336 _atext
_btxt
_2rdacontent
337 _aunmediated
_bn
_2rdamedia
338 _avolume
_bnc
_2rdacarrier
650 4 _aالاطفال- علم النفس
_950556
999 _aA22277
_c25845
_d25845